|
|
|
|
| LEADER |
01416naa a2200241 i 4500 |
| 001 |
acta86462 |
| 005 |
20250213124548.0 |
| 008 |
250213s2024 hu o 100 eng d |
| 020 |
|
|
|a 978-615-01-9868-2
|
| 040 |
|
|
|a SZTE Egyetemi Kiadványok Repozitórium
|b hun
|
| 041 |
|
|
|a eng
|
| 041 |
|
|
|a spa
|
| 100 |
2 |
|
|a Beltran Rada Joaquin
|
| 245 |
1 |
0 |
|a Subnational economic policy
|h [elektronikus dokumentum] :
|b the coherence of national fiscal economic policy and the fiscal-economic performance of the district of Barranquilla, 2016-2022 = Política económica subnacional: la coherencia de la política económica fiscal nacional y el desempeño fiscal-económico del distrito de barranquilla, 2016-2022 : [abstract] /
|c Beltran Rada Joaquin
|
| 260 |
|
|
|a Hispanisztika Alapítvány
|b Szeged
|c 2024
|
| 300 |
|
|
|a 63
|
| 490 |
0 |
|
|a South America International Conference
|v 4
|
| 650 |
|
4 |
|a Társadalomtudományok
|
| 650 |
|
4 |
|a Közgazdasági és gazdálkodástudományok
|
| 650 |
|
4 |
|a Politikatudomány
|
| 695 |
|
|
|a Költségvetési politika - Kolumbia - 2016-2022 - regionális - előadáskivonat, Költségvetési politika - Barranquilla - 2016-2022 - előadáskivonat, Gazdaságpolitika - Kolumbia - 2016-2022 - regionális - előadáskivonat
|
| 711 |
|
|
|a IV. South America International Conference
|c Budapest
|d 2024. március 7-9.
|
| 856 |
4 |
0 |
|u http://acta.bibl.u-szeged.hu/86462/1/south_america_ic_004_063.pdf
|z Dokumentum-elérés
|